00544nam a2200121Ia 4500008004100000020001800041100007600059245014800135260002700283650004900310650002200359856004100381171212s9999 xx 000 0 und d a9780833036940 aMcCarthy, Kevin F.;Ondaatje, Elizabeth H.;Zakaras, Laura;Brooks, Arthur cMcCarthy, Kevin F.;Ondaatje, Elizabeth H.;Zakaras, Laura;Brooks, ArthuraGifts of the Muse: Reframing the Debate about the Benefits of the Arts bRAND Corporationc2004 aGovernment aid to the arts; Arts and society aPolitical Science uwww.jstor.org/stable/10.7249/mg218wf